000 01520nam a2200349 a 4500
003 BLK
005 20250528155627.0
008 180408b bul|||||r ||||||| ||bul||
020 _a954260341Х
020 _a9789542603412
040 _aBLK
041 _aBUL
_cBUL
080 _aДинозаври
_b568.1
_x:087.5
_z568.1:087.5
080 _aИздания за деца и юноши. Книжки-картинки. Читанки. Вж и 372.4
_b087.5
_x:568.1
_z087.5:568.1
_9231478
100 1 _aДиксън, Дугъл
_9293094
245 1 0 _aТревопасни динозаври
_cДугъл Диксън; прев. Валентина Рашева.
257 _aGBR
260 _aПловдив
_bХермес
_c2005
_fСофия : Д. Благоев
300 _a32 с.
_bс цв. ил.
_c24 см
380 _aDN
490 1 _aИзчезналите
500 _aОриг. загл. Herbivores / Dougal Dixon. - Авт. не е отбелязан на кор. - Съдържа и Знаете ли, че...- Азб. показалец.
650 4 _aДинозаври
_9153483
653 _aдинозаври
653 _aдетска литература
_9184826
700 _aРашева, Валентина Борисова
_eпрев.
_9371253
852 _aЦб 231045
_bЦб
_c5/Д 54 Д
942 _cKNG
_n0
_023
944 _aCR
_c31.01.2007
_k30543
_lИва Цветкова
944 _aED
_c2023-07-19
_kСТ
999 _c66739
_d66739